000 01299nam0a2200325 4500
001 RU\NLR\BIBL_A\010730025
005 20260406153802.0
010 _a978-5-17-088664-7
_94000
021 _aRU
_b2015-14355
_9874
035 _a(NILC)RuMoRGB-007877924
035 _a(NLR Aleph) 010730025
090 _a9860695
_c9860695
100 _a20150415d2015 |||y0rusy50 ca
101 1 _arus
_ceng
102 _aRU
105 _aa|||z|||000ay
200 1 _aДети Хурина. Нарн и Хин Хурин
_eповесть о детях Хурина
_fДж. Р. Р. Толкин
_gпод ред. Кристофера Толкина
_g[пер. с англ. С. Лихачевой]
_gил. Алана Ли
210 _aМосква
_cАСТ
_d2015
215 _a313, [4] с.
_cил.
_d21
320 _aУказ. имен и назв. в конце кн.
333 _a12+
517 1 _aНарн и Хин Хурин
686 0 _aШ9(4Вл)62-4
700 1 _4070
_8rus
_7ca
_aТолкин
_bД. Р. Р.
_f1892-1973
_gДжон Роналд Руэл
_3RU\NLR\auth\776532
_9116484
702 1 _4440
_8rus
_7ca
_aЛи
_bА.
_cхудожник
_f1947-
_gАлан
_3RU\NLR\AUTH\7783533
_966461
942 _cBOOK
980 _aNB